Statistiques concernant Football - Equipe ayant dominé le championnat de D1 de 2010 à 2019

Cliquez ici pour prendre le quiz!

Statistiques générales

  • Ce quiz a été pris 173 fois
  • Le résultat moyen est 10 sur 10

Statistiques - réponses

Réponse% Correct
Paris Saint-Germain
100%
Lille OSC
99%
Olympique Lyonnais
99%
O.Marseille
99%
AS Monaco
97%
Stade Rennais UC
95%
FC Girondins de Bordeaux
94%
AS Saint-Etienne
91%
Montpellier HSC
91%
OGC Nice
91%

Distribution des résultats

Percentile par nombre de réponses

% des personnes avec chaque résultat

Votre développement - résultats

Vous n’avez pas pris ce quiz